Visualizzazione normale
Vista MARC
- Giovannini Sandro
di Personal Name
Records bibliografici associati: 1
001 - CONTROL NUMBER
- control field: 13130
003 - CONTROL NUMBER IDENTIFIER
- control field: IT-RoPau
005 - DATE AND TIME OF LATEST TRANSACTION
- control field: 20140212160307.0
008 - FIXED-LENGTH DATA ELEMENTS
- fixed length control field: 140212|| aca||aabn | a|a d
040 ## - CATALOGING SOURCE
- Original cataloging agency: IT-RoPau
- Transcribing agency: IT-RoPau
100 ## - HEADING--PERSONAL NAME
- Personal name: Giovannini Sandro
- Dates associated with a name: Codice autore testo/musica SPICS: 13634
- Relator term: Autore musica
670 ## - SOURCE DATA FOUND
- Source citation: Work cat.: (IT-RoPau)98869: AA.VV. 794, Domenica è sempre domenica 16 grandi successi di Gorni Kramer